Online
Catalog

Objetivos de desarrollo del milenio : (Record no. 25889)

MARC details
000 -CABECERA
campo de control de longitud fija 02001nam a2200301 a 4500
001 - NÚMERO DE CONTROL
campo de control 000026397
005 - FECHA Y HORA DE LA ÚLTIMA TRANSACCIÓN
campo de control 20250219170734.0
008 - DATOS DE LONGITUD FIJA--INFORMACIÓN GENERAL
campo de control de longitud fija 100817s2010 dr acd r 001 0 spa d
040 ## - FUENTE DE LA CATALOGACIÓN
Centro catalogador/agencia de origen DO-SdBNP
Lengua de catalogación spa
Centro/agencia transcriptor BNPHU
082 ## - NÚMERO DE LA CLASIFICACIÓN DECIMAL DEWEY
Número de clasificación 338.97293
Número de documento/Ítem R426ob
110 1# - ENTRADA PRINCIPAL--NOMBRE DE ENTIDAD CORPORATIVA
Nombre de entidad corporativa o nombre de jurisdicción como elemento de entrada República Dominicana.
Unidad subordinada Ministerio de Economía, Planificación y Desarrollo
9 (RLIN) 66142
245 10 - MENCIÓN DE TÍTULO
Título Objetivos de desarrollo del milenio :
Resto del título informe de seguimiento 2010 /
Mención de responsabilidad, etc. presentación Juan Temístocles Montás, Valerie Julliand ; coordinación general Juan T. Monegro.
260 ## - PUBLICACIÓN, DISTRIBUCIÓN, ETC.
Lugar de publicación, distribución, etc. Santo Domingo :
Nombre del editor, distribuidor, etc. Amigo del Hogar,
Fecha de publicación, distribución, etc. 2010.
300 ## - DESCRIPCIÓN FÍSICA
Extensión 167 p. :
Otras características físicas il., gráfcs., retrs., tablas ;
Dimensiones 28 cm.
504 ## - NOTA DE BIBLIOGRAFÍA, ETC.
Nota de bibliografía, etc. Incluye referencias bibliográficas y notas al pie de páginas.
504 ## - NOTA DE BIBLIOGRAFÍA, ETC.
Nota de bibliografía, etc. Bibliografía : p. 147-149.
505 0# - NOTA DE CONTENIDO CON FORMATO
Información miscelánea Introducción --
Título Contexto --
-- Tendencia general de los ODM. Resultados de la evaluación:
-- Objetivo 1: Erradicar la pobreza extrema y el hambre --
-- Objetivo 2: Lograr la educación primaria universal --
-- Objetivo 3: Promover la equidad de género y la autonomía de la mujer --
-- Objetivo 4: Reducir la tasa de mortalidad infantil --
-- Objetivo 5: Mejorar la salud materna --
-- Objetivo 6: Combatir del VIH/SIDA, el paludismo y otras enfermedades --
-- Objetivo 7: Garantizar la sostenibilidad del medio ambiente --
-- Objetivo 8: Fomentar una sociedad global para el desarrollo --
-- Impacto de la crisis global --
-- Efectos del cambio climático --
Información miscelánea Bibliografía --
-- Anexos.
590 ## - NOTA LOCAL (RLIN)
Nota local Inventariado, 2018/BT
650 #4 - PUNTO DE ACCESO ADICIONAL DE MATERIA--TÉRMINO DE MATERIA
Término de materia o nombre geográfico como elemento de entrada Desarrollo sostenible
9 (RLIN) 901
650 #4 - PUNTO DE ACCESO ADICIONAL DE MATERIA--TÉRMINO DE MATERIA
Término de materia o nombre geográfico como elemento de entrada Planificación estratégica
9 (RLIN) 2433
650 #4 - PUNTO DE ACCESO ADICIONAL DE MATERIA--TÉRMINO DE MATERIA
Término de materia o nombre geográfico como elemento de entrada Estrategias para el desarrollo
9 (RLIN) 3099
650 #4 - PUNTO DE ACCESO ADICIONAL DE MATERIA--TÉRMINO DE MATERIA
Término de materia o nombre geográfico como elemento de entrada Políticas de desarrollo
Subdivisión geográfica República Dominicana
9 (RLIN) 7785
700 1# - PUNTO DE ACCESO ADICIONAL--NOMBRE DE PERSONA
Nombre de persona Montás, Juan Temístocles
Fechas asociadas al nombre 1950-
Término indicativo de función/relación present.
9 (RLIN) 79676
700 1# - PUNTO DE ACCESO ADICIONAL--NOMBRE DE PERSONA
Nombre de persona Julliand, Valerie,
Término indicativo de función/relación present.
9 (RLIN) 53434
700 1# - PUNTO DE ACCESO ADICIONAL--NOMBRE DE PERSONA
Nombre de persona Monegro, Juan T.,
Término indicativo de función/relación coord.
9 (RLIN) 53435
710 2# - PUNTO DE ACCESO ADICIONAL--NOMBRE DE ENTIDAD CORPORATIVA
Nombre de entidad corporativa o nombre de jurisdicción como elemento de entrada Sistema de las Naciones Unidas en República Dominicana
9 (RLIN) 43542
910 ## - DATOS DE OPCIÓN DEL USUARIO (OCLC)
Datos de opción del usuario Validado. Control de calidad. EMS
Holdings
Estado de retiro Estado de pérdida Restricciones de uso No para préstamo Código de colección Localización permanente Ubicación/localización actual Ubicación en estantería Fecha de adquisición Número de inventario Total de préstamos Signatura topográfica completa Código de barras Fecha visto por última vez Número de copia Precio válido a partir de Tipo de ítem Koha
        Dominicana de Servicio General General Depósito 16.03.2011 LF1   338.97293 R426ob 26397-30 25.06.2020 e. 3 25.06.2020 Libro y Folleto Colección Dominicana de Servicio
        Dominicana de Servicio General General Depósito 16.03.2011 LF1   338.97293 R426ob 26397-40 25.06.2020 e. 4 25.06.2020 Libro y Folleto Colección Dominicana de Servicio
        Dominicana de Servicio General General Depósito 16.03.2011 LF1   338.97293 R426ob 26397-50 25.06.2020 e. 5 25.06.2020 Libro y Folleto Colección Dominicana de Servicio
      Excluido de préstamo Patrimonio Dominicano Patrimonio Dominicano Patrimonio Dominicano Depósito 16.03.2011 LF1   338.97293 R426ob 26397-10 25.06.2020   25.06.2020 Libro y Folleto Colección Patrimonio Dominicano
      Excluido de préstamo Patrimonio Dominicano Patrimonio Dominicano Patrimonio Dominicano Depósito 16.03.2011 LF1   338.97293 R426ob 26397-20 25.06.2020 e. 2 25.06.2020 Libro y Folleto Colección Patrimonio Dominicano

Powered by Koha